Statistics for 11 states that seceded from union

Click here to take the quiz!

General Stats

  • This quiz has been taken 57 times
    (48 since last reset)
  • The average score is 10 of 11

Answer Stats

Answer% Correct
5Georgia
100%
10North Carolina
100%
4Alabama
97%
1South Carolina
97%
3Florida
95%
7Texas
95%
8Virginia
95%
9Arkansas
92%
11Tennessee
92%
6Louisiana
90%
2Mississippi
85%

Score Distribution

Percentile by Number Answered

Percent of People with Each Score

Your Score History

You have not taken this quiz since the last reset